000 00998nas a2200301 4500
001 BR8706220
003 BR-BrBNA
005 20231205090839.0
007 ta
008 230509b bl.|||p| |||| 00| 00por d
040 _aBR-BrBNA
_bpor
_cBiblioteca Nacional de Agricultura
041 _a(Pt)
072 _aH10
100 1 _aCalafiori, M.H.
100 1 _aAlvarez, E.J.
100 1 _aGiorgetti, C.L.
100 1 _aDurigan, H.J.
100 1 _aMendes, E.
245 1 _aControle do curuquere do algodao Alabama argillaca Hubner, 1818, em dois ensaios de campo com a utilizacao de piretroide sintetico, em reducao de dosagens
246 1 _aControl of Alabama argillacea Hubner, 1818 using pyrethroids with reduced dosage
650 _aALGODAO
650 _aCURUQUERE
650 _aCONTROLE QUIMICO
650 _aINSETICIDA
773 0 _tEcossistema (Brazil)
_xISSN 0100-4107
_g(Oct 1986), v. 11 p. 24-30
_wBR8706220
909 _a202311
_bLúcia
_c55
_dLúcia Elande
942 _2AGRIS
_n0
_cANA
999 _c121228
_d121228